000 00686nam a2200229Ia 4500
005 20231213092242.0
008 131103s9999 xx 000 0 und d
020 _a8187572159
_cRs 99
040 _aLoreto College
041 _aEnglish
082 _a425
_bLEO
100 _aLewis, Norman
245 _aWord Power Made Easy,
_b
_cNorman Lewis
250 _aThe most effective vocabulary builder in the English Language. Including latest word-list 2006
260 _aDelhi
_bGoylSaab
_c2006
300 _axiv,686p
504 _a2006 Millenium edition, revised and expanded.
650 _aEnglish Language
651 _aEnglish Vocabulary
850 _aLCLIB
942 _cBK
999 _c15166
_d65645